000
00370nam a22001577a 4500
003
MPLRDC
005
20220104124355.0
008
210129b ||||| |||| 00| 0 eng d
082
_a
854.6 CY-2 c.2
100
_a
曹禺
245
_a
日出
_c
260
_a
_b
香港东亚书局
_c
1963
300
_b
平
650
_a
剧本--话剧剧本
942
_c
BK
_o
854.6 CY-2 c.2
999
_c
18819
_d
18809